000
00308nam a22001337a 4500
008
190201b xxu||||| |||| 00| 0 eng d
020
_a
0471933546
041
_a
eng
080
_a
621
100
_a
27
101
_a
MEK
245
_a
Fundamentals of Momentum, Heat & Mass Transfer
_c
Welty
942
_2
udc
_c
BK
999
_c
53906
_d
53906